| 000 | 00440nam a22001697a 4500 | ||
|---|---|---|---|
| 999 |
_c15698 _d15698 |
||
| 003 | OSt | ||
| 008 | 190528b ||||| |||| 00| 0 eng d | ||
| 020 | _a9788126563623 | ||
| 082 |
_a664 _bBHA/PR |
||
| 245 | _aProgress in Food Preservation | ||
| 260 |
_aNew Delhi _bWiley Blackwell _c2017 |
||
| 300 | _a630 p. | ||
| 700 |
_aBhat, Rajeev. _94192 |
||
| 700 |
_aAlias, Abd Karim. _94193 |
||
| 700 |
_aGopinadhan, Paliyath. _94194 |
||
| 942 | _cBK | ||